Bases documentales de la España contemporánea / (Record no. 18390)
[ view plain ]
| 000 -LEADER | |
|---|---|
| campo de control de longitud fija | 01174nam a2200229 i 4500 |
| 001 - NÚMERO DE CONTROL | |
| campo de control | 18390 |
| 003 - IDENTIFICADOR DE NÚMERO DE CONTROL | |
| campo de control | ES-MaACL |
| 005 - FECHA Y HORA DE LA ÚLTIMA TRANSACCIÓN | |
| campo de control | 20230906151827.0 |
| 007 - CAMPO FIJO DE DESCRIPCIÓN FÍSICA--INFORMACIÓN GENERAL | |
| campo de control de longitud fija | t| |
| 008 - DATOS DE LONGITUD FIJA--INFORMACIÓN GENERAL | |
| campo de control de longitud fija | 011214m19711975sp |||| | spa d |
| 080 ## - NÚMERO DE LA CLASIFICACIÓN DECIMAL UNIVERSAL | |
| Número de la Clasificación Decimal Universal | 946"18/19"(093.2) |
| 245 00 - MENCIÓN DEL TÍTULO | |
| Título | Bases documentales de la España contemporánea / |
| Mención de responsabilidad, etc. | Mª Carmen García-Nieto, Javier Mª Donezar, Luis López Puerta... |
| 260 ## - PUBLICACIÓN, DISTRIBUCIÓN, ETC. | |
| Lugar de publicación, distribución, etc. | Madrid : |
| Nombre del editor, distribuidor, etc. | Guadiana de Publicaciones, |
| Fecha de publicación, distribución, etc. | 1971-1975. |
| 300 ## - DESCRIPCIÓN FÍSICA | |
| Extensión | v.<1-7, 11> ; |
| Dimensiones | 24 cm. |
| 505 8# - NOTA DE CONTENIDO CON FORMATO | |
| Nota de contenido con formato | Contiene: V. 1. Revolución y reacción, 1808-1833 -- v. 2. Moderados y progresistas, 1833-1868 -- v. 3. El liberalismo democrático, 1868-1874 -- v. 4. Restauración y desastre, 1874-1898 -- v. 5. La crisis del sistema canovista, 1898-1923 -- v. 6. Expansión económica y luchas sociales, 1898-1923 -- v. 7. La Dictadura, 1923-1930 -- v. 11. La España de Franco, 1939-1973 |
| 651 #4 - PUNTO DE ACCESO ADICIONAL DE MATERIA--NOMBRE GEOGRÁFICO | |
| Nombre geográfico | España- |
| Subdivisión general | Historia- |
| Subdivisión cronológica | S.XIX- |
| Subdivisión de forma | Fuentes. |
| 9 (RLIN) | 8355 |
| 651 #4 - PUNTO DE ACCESO ADICIONAL DE MATERIA--NOMBRE GEOGRÁFICO | |
| Nombre geográfico | España- |
| Subdivisión general | Historia- |
| Subdivisión cronológica | S.XX- |
| Subdivisión de forma | Fuentes. |
| 9 (RLIN) | 8364 |
| 700 1# - ENTRADA AGREGADA--NOMBRE PERSONAL | |
| Nombre de persona | García-Nieto, María Carmen. |
| 9 (RLIN) | 55031 |
| 700 1# - ENTRADA AGREGADA--NOMBRE PERSONAL | |
| Nombre de persona | Donézar Díez de Ulzurrun, Javier María. |
| 9 (RLIN) | 45312 |
| 700 1# - ENTRADA AGREGADA--NOMBRE PERSONAL | |
| Nombre de persona | López Puerta, Luis. |
| 9 (RLIN) | 73903 |
| 852 ## - LOCALIZACIÓN | |
| Ubicación | ES-MaACL |
| Número de control de estantería | P-1581 |
| Estatus retirado | Estado de pérdida | Estado de daño | No para préstamo | Biblioteca de origen | Biblioteca actual | Ubicación en estantería | Fecha de adquisición | Fuente de adquisición | Total de préstamos | Signatura topográfica completa | Código de barras | Visto por última vez | Precio de reemplazo | Tipo de ítem Koha |
|---|---|---|---|---|---|---|---|---|---|---|---|---|---|---|
| Biblioteca del Ateneo de Madrid | Biblioteca del Ateneo de Madrid | Depósito 2 | 17/01/2008 | P-1581 | 1018811 | 23/02/2023 | 23/02/2023 | Libro impreso |
